[Event "Liffre op"]
[Site "Liffre"]
[Date "2016.10.25"]
[Round "5"]
[White "Illien, Jean Marc"]
[Black "Duault, Alexis"]
[Result "1-0"]
[WhiteElo "1894"]
[BlackElo "1730"]
[PlyCount "146"]
[EventDate "2016.10.22"]
[EventType "swiss"]
[EventRounds "9"]
[EventCountry "FRA"]
[SourceTitle "CBM 175 Extra"]
[Source "ChessBase"]
[SourceDate "2016.12.12"]
[SourceVersion "1"]
[SourceVersionDate "2016.12.12"]
[SourceQuality "1"]

1. e4 e6 2. d4 d5 3. Nd2 c5 4. exd5 exd5 5. dxc5 Bxc5 6. Ngf3 Nf6 7. Bb5+ Nc6 8. Qe2+ Be6 9. Nb3 Bb6 10. Nbd4 Qc8 11. Bxc6+ bxc6 12. Nf5 Bxf2+ 13. Kxf2 Ne4+ 14. Qxe4 dxe4 15. Nd6+ Kd7 16. Nxc8 exf3 17. gxf3 Rhxc8 18. Be3 c5 19. Rad1+ Ke7 20. Rhg1 Kf8 21. Rg5 c4 22. Bc5+ Kg8 23. Bd4 g6 24. Ra5 a6 25. Bf6 Rc6 26. Be5 Kf8 27. h4 Ke7 28. h5 f6 29. Bc3 Rb8 30. hxg6 hxg6 31. Rh1 Rb5 32. Ra4 Rh5 33. Rxh5 gxh5 34. Ra5 Bf7 35. f4 Kd7 36. Rf5 Ke7 37. Ra5 Bg6 38. Rd5 Ke6 39. Rd2 Kf5 40. Kf3 Ke6 41. Re2+ Kf7 42. Rg2 Re6 43. Rd2 Bf5 44. Rd4 Bg4+ 45. Kf2 Rc6 46. Bd2 Re6 47. Be3 Rc6 48. Ke1 h4 49. Kf2 h3 50. Kg3 f5 51. Rd7+ Kg6 52. Bd4 Kh6 53. Be5 Kg6 54. Rg7+ Kh6 55. Rg8 Kh7 56. Rd8 Kg6 57. a4 Kf7 58. Rd7+ Ke6 59. Rb7 Kd5 60. c3 Ke4 61. Bd4 Kd3 62. a5 Kc2 63. Rb6 Rc7 64. Rxa6 h2 65. Rh6 Rc8 66. a6 Ra8 67. Rxh2+ Kb3 68. a7 Rg8 69. Rh8 Rg6 70. a8Q Be2+ 71. Kf2 Bd3 72. Rb8+ Kc2 73. Qa4+ Kd2 1-0